Score 0/16 Timer 01:30
5 Plays Today
% Correct
Eyes
93.9%
Begun
93.7%
Time
93%
Twice
92.1%
Dreams
91.8%
God
91.4%
Good
90%
Imagine
89.6%
% Correct
Know
89.6%
Strong
85.5%
Lonely
83.8%
One
83.2%
Girl
75.3%
Boy
74.9%
Sleeping
72.1%
Bleeding
58.2%

Today's Daily Dose

Remove Ads.
Support Sporcle.
Get the best of Sporcle when you Go Orange. This ad-free experience offers more features, more stats, and more fun while also helping to support Sporcle. Thank you for becoming a member.

You're not logged in!

Compare scores with friends on all Sporcle quizzes.
OR
Log In

Show Comments

Extras

Top Quizzes Today


Score Distribution

Your Account Isn't Verified!

In order to create a playlist on Sporcle, you need to verify the email address you used during registration. Go to your Sporcle Settings to finish the process.

Report this User

Report this user for behavior that violates our Community Guidelines.

Details: